000 00873cam a22002897a 4500
003 CHAP
005 20220329134815.0
008 971013s1962 r 00010 d
010 _a26282
011 _a27254
035 _a31355
040 _cCHAP
082 _a517.6
_bB88
100 0 0 _aButler, R.
_916443
245 1 3 _aAn introduction to numerical methods
260 _aLondon :
_bPitman,
_c1962
300 _a386 p.
590 _aBATCH-UPD
_b10
_c20130110
_lUCH01
_h2044
590 _aBATCH-UPD
_b10
_c20130410
_lUCH01
_h1358
590 _aBATCH-UPD
_b10
_c20130914
_lUCH01
_h0953
590 _aCONVERSION
_b10
_c20130109
_lUCH01
_h1315
650 1 4 _aCálculo numérico.
_923997
901 _aBK
942 _cLIBRO
949 _a517.6 B88
_bBC
_cLIBRO
_d33724000381935
_eLIBRO
_h1565
_i31355
_si
949 _a517.6 B88
_bBC
_cLIBRO
_d33724000381943
_eLIBRO
_fc.2
_h29886
_i31355
_si
999 _c26282
_d26282